[Event "WA State-ch"]
[Site "South Perth"]
[Date "2006.08.06"]
[Round "6"]
[White "Sainsbury, Gerard"]
[Black "Williams, Rudy"]
[Result "1/2-1/2"]
[WhiteElo "1242"]
[BlackElo "887"]
[PlyCount "116"]
[EventDate "2006.07.02"]
[EventType "swiss"]
[EventRounds "9"]
[EventCountry "AUS"]
[SourceTitle "EXT 2008"]
[Source "ChessBase"]
[SourceDate "2007.11.25"]
[SourceVersion "1"]
[SourceVersionDate "2007.11.25"]
[SourceQuality "1"]

1. d4 d5 2. Nf3 e6 3. e3 Nf6 4. Bd3 c5 5. c3 c4 6. Bc2 Bd6 7. Nbd2 0-0 8. 0-0 Nc6 9. Qe2 b6 10. e4 dxe4 11. Nxe4 h6 12. Nxf6+ Qxf6 13. Qe4 Qf5 14. Qxc6 Qd5 15. Qxd5 exd5 16. Re1 Bg4 17. Ne5 Rae8 18. Bf4 Bh5 19. Bd1 Bxe5 20. dxe5 Bg6 21. Bf3 Rd8 22. Rad1 Be4 23. Bxe4 dxe4 24. Rxd8 Rxd8 25. Be3 Rd3 26. f3 exf3 27. gxf3 Kf8 28. Kf2 Ke7 29. Ke2 Ke6 30. f4 f6 31. exf6 Kxf6 32. Bd4+ Kf7 33. b3 b5 34. Rg1 g6 35. Rf1 Ke6 36. bxc4 bxc4 37. Bxa7 Rxc3 38. Kd2 Ra3 39. Bg1 Rxa2+ 40. Kc3 Ra4 41. Re1+ Kf5 42. Be3 Ke4 43. Bd2+ Kf3 44. Rg1 Ke2 45. Rxg6 Ra2 46. Rxh6 Rxd2 47. Kxc4 Ke3 48. f5 Ke4 49. Rh5 Rf2 50. Rh4+ Kxf5 51. Kd5 Rg2 52. h3 Kg6 53. Ke4 Kg5 54. Rh8 Rf2 55. Ke3 Rf6 56. h4+ Kg4 57. h5 Kg5 58. Ke4 Rh6 1/2-1/2

[Event "WA State-ch"]
[Site "South Perth"]
[Date "2006.07.30"]
[Round "5"]
[White "Jones, Naison"]
[Black "Sainsbury, Gerard"]
[Result "1-0"]
[WhiteElo "1362"]
[BlackElo "1242"]
[PlyCount "61"]
[EventDate "2006.07.02"]
[EventType "swiss"]
[EventRounds "9"]
[EventCountry "AUS"]
[SourceTitle "EXT 2008"]
[Source "ChessBase"]
[SourceDate "2007.11.25"]
[SourceVersion "1"]
[SourceVersionDate "2007.11.25"]
[SourceQuality "1"]

1. e4 c5 2. Nc3 d6 3. f4 Nf6 4. Bc4 Bg4 5. Nf3 Nc6 6. d3 Nd4 7. Be3 Nxf3+ 8. gxf3 Bh5 9. f5 a6 10. Nd5 Nxd5 11. Bxd5 Qc7 12. Qe2 Qd7 13. d4 Rc8 14. dxc5 dxc5 15. 0-0-0 Qc7 16. Qd2 Rd8 17. Bf4 Qc8 18. Qa5 Rd7 19. Bb3 b5 20. Rxd7 Kxd7 21. Rd1+ Ke8 22. Bd5 e5 23. Bxe5 Be7 24. Bxg7 Rg8 25. f6 Bxf3 26. Qb6 Bxd1 27. Bc6+ Qxc6 28. Qxc6+ Kd8 29. fxe7+ Kxe7 30. Bf6+ Kf8 31. Qc8# 1-0

[Event "WA State-ch"]
[Site "South Perth"]
[Date "2006.07.16"]
[Round "3"]
[White "Sainsbury, Gerard"]
[Black "Galvin, Robert"]
[Result "0-1"]
[WhiteElo "1242"]
[BlackElo "1819"]
[PlyCount "102"]
[EventDate "2006.07.02"]
[EventType "swiss"]
[EventRounds "9"]
[EventCountry "AUS"]
[SourceTitle "EXT 2008"]
[Source "ChessBase"]
[SourceDate "2007.11.25"]
[SourceVersion "1"]
[SourceVersionDate "2007.11.25"]
[SourceQuality "1"]

1. d4 d5 2. Nf3 Nf6 3. e3 e6 4. Bd3 Bd6 5. 0-0 0-0 6. Nbd2 c5 7. c3 Nc6 8. Qe2 Re8 9. e4 e5 10. dxe5 Nxe5 11. Nxe5 Bxe5 12. Nf3 dxe4 13. Nxe5 Rxe5 14. Bc2 Re8 15. Rd1 Bg4 16. Rxd8 Bxe2 17. Rxa8 Rxa8 18. Bg5 Bd3 19. Bd1 Nd5 20. Bg4 g6 21. Re1 f5 22. Bh3 Kg7 23. g3 h6 24. Bd2 Rf8 25. Bg2 g5 26. h3 Re8 27. a3 Kf6 28. Bf1 c4 29. Bg2 f4 30. g4 Re6 31. Bf1 Nb6 32. Bxd3 cxd3 33. b3 Nd5 34. c4 e3 35. fxe3 Nxe3 36. Kf2 Rb6 37. Bxe3 fxe3+ 38. Kxe3 Rxb3 39. Ra1 Ke5 40. Kd2 Kd4 41. a4 Rb2+ 42. Kd1 Rh2 43. Ra3 Kxc4 44. a5 a6 45. Ra4+ Kc3 46. Ra3+ Kd4 47. Ra4+ Ke3 48. Kc1 Rh1+ 49. Kb2 d2 50. Ra3+ Ke2 51. Rc3 d1N+ 0-1

[Event "Perth Metro CC-chD"]
[Site "Perth"]
[Date "2006.04.06"]
[Round "9"]
[White "Sainsbury, Gerard"]
[Black "Bailye, Ron"]
[Result "1/2-1/2"]
[WhiteElo "1250"]
[BlackElo "1213"]
[PlyCount "165"]
[EventDate "2006.02.02"]
[EventType "tourn"]
[EventRounds "9"]
[EventCountry "AUS"]
[SourceTitle "EXT 2010"]
[Source "ChessBase"]
[SourceDate "2010.11.25"]
[SourceVersion "1"]
[SourceVersionDate "2010.11.25"]
[SourceQuality "1"]

1. d4 d5 2. c4 dxc4 3. e3 b5 4. a4 c6 5. axb5 cxb5 6. Qf3 Bb7 7. Qxb7 Nd7 8. Qxb5 e6 9. Nc3 Ngf6 10. e4 Rb8 11. Qa5 Bb4 12. Qxa7 Nxe4 13. Nge2 0-0 14. Bf4 e5 15. dxe5 Nb6 16. Be3 Ra8 17. Rd1 Qxd1+ 18. Kxd1 Nxc3+ 19. Nxc3 Rfd8+ 20. Kc2 Rxa7 21. Bxb6 Rad7 22. Bxd8 Rxd8 23. Bxc4 g6 24. e6 fxe6 25. Bxe6+ Kg7 26. Rd1 Re8 27. Bc4 Bc5 28. f3 Rf8 29. Ne4 Bb6 30. Ng5 Kh6 31. Nf7+ Kh5 32. Ne5 Re8 33. f4 Be3 34. g3 Rc8 35. b3 g5 36. fxg5 Kxg5 37. Rd7 h6 38. Rg7+ Kf6 39. Ng4+ Kxg7 40. Nxe3 Kg6 41. Kb2 Rf8 42. Bd3+ Kf6 43. b4 Re8 44. Ng4+ Kg5 45. Nf2 Rf8 46. h4+ Kf6 47. Ne4+ Ke5 48. Bc2 Kd4 49. b5 Rb8 50. Nd6 Kc5 51. Ne4+ Kxb5 52. Kc1 Rd8 53. Nc3+ Kc4 54. Ne4 Kd4 55. Nf6 Rf8 56. Ng4 Kc3 57. Ne3 Rf3 58. Nd1+ Kd4 59. g4 Rf4 60. Bf5 Rf1 61. Bc2 Ke5 62. Kd2 Kf4 63. Bf5 Rh1 64. h5 Rh2+ 65. Kc3 Rh3+ 66. Kd4 Rh2 67. Nc3 Rd2+ 68. Kc5 Rd8 69. Nd5+ Ke5 70. Ne7 Kf4 71. Ng6+ Kg5 72. Kc6 Rd4 73. Kc7 Rxg4 74. Bxg4 Kxg4 75. Kd6 Kxh5 76. Nf4+ Kg5 77. Ke5 Kg4 78. Ke4 Kg5 79. Kf3 Kh4 80. Ng2+ Kg5 81. Kg3 h5 82. Kh3 Kh6 83. Nf4 1/2-1/2

[Event "Perth Metro CC-chD"]
[Site "Perth"]
[Date "2006.03.30"]
[Round "8"]
[White "Arnold, Matthew"]
[Black "Sainsbury, Gerard"]
[Result "1/2-1/2"]
[WhiteElo "1155"]
[BlackElo "1250"]
[PlyCount "127"]
[EventDate "2006.02.02"]
[EventType "tourn"]
[EventRounds "9"]
[EventCountry "AUS"]
[SourceTitle "EXT 2010"]
[Source "ChessBase"]
[SourceDate "2010.11.25"]
[SourceVersion "1"]
[SourceVersionDate "2010.11.25"]
[SourceQuality "1"]

1. e4 c5 2. Nf3 Nf6 3. Nc3 e6 4. d4 cxd4 5. Nxd4 Bb4 6. Bd2 Nc6 7. Nxc6 bxc6 8. a3 Bxc3 9. Bxc3 d5 10. exd5 cxd5 11. Bb5+ Bd7 12. Bxd7+ Nxd7 13. Bb4 Rc8 14. Qd4 Nf6 15. Rc1 Qc7 16. 0-0 a5 17. Bc3 0-0 18. f3 Rfe8 19. Qd2 Ra8 20. Bxf6 gxf6 21. Qd4 Qe7 22. c4 dxc4 23. Rxc4 Red8 24. Qc3 e5 25. Kh1 Qd7 26. h3 Kg7 27. Rb1 Ra6 28. b4 axb4 29. axb4 Rb6 30. Rc5 Kg6 31. Qc4 Qf5 32. Rb2 Rd4 33. Qc3 Rd1+ 34. Kh2 h5 35. Qc2 Qxc2 36. Rcxc2 Rd4 37. b5 Rd5 38. Re2 Rbxb5 39. Rxb5 Rxb5 40. Re4 f5 41. Re2 Kg5 42. g3 f6 43. Kg2 Rb4 44. Rc2 h4 45. gxh4+ Kxh4 46. Re2 e4 47. fxe4 fxe4 48. Rf2 Kg5 49. h4+ Kxh4 50. Rxf6 Rb2+ 51. Kf1 Kg4 52. Re6 Kf3 53. Rf6+ Ke3 54. Re6 Rf2+ 55. Ke1 Rb2 56. Kf1 Rb4 57. Re7 Kd3 58. Kf2 Rb2+ 59. Kf1 Ke3 60. Re6 Kd4 61. Rd6+ Kc3 62. Re6 Rb4 63. Re8 Rd4 64. Ke2 1/2-1/2

[Event "Perth Respini-D"]
[Site "Perth"]
[Date "2005.10.27"]
[Round "8"]
[White "Sainsbury, Gerard"]
[Black "Benken, Dieter"]
[Result "1/2-1/2"]
[WhiteElo "1174"]
[BlackElo "1298"]
[PlyCount "96"]
[EventDate "2005.09.01"]
[EventType "tourn"]
[EventRounds "9"]
[EventCountry "AUS"]
[SourceTitle "EXT 2010"]
[Source "ChessBase"]
[SourceDate "2010.11.25"]
[SourceVersion "1"]
[SourceVersionDate "2010.11.25"]
[SourceQuality "1"]

1. d4 Nf6 2. Nf3 d5 3. e3 Nbd7 4. Bd3 c5 5. c3 g6 6. Nbd2 Bg7 7. 0-0 0-0 8. Qe2 Qc7 9. e4 dxe4 10. Nxe4 cxd4 11. cxd4 Nxe4 12. Qxe4 Nf6 13. Qh4 Qb6 14. Rb1 Qa5 15. a3 Bf5 16. Bd2 Qd5 17. Bxf5 Qxf5 18. Rfe1 Qd7 19. Ne5 Qd8 20. Bg5 Rc8 21. Rbc1 Qd5 22. Rxc8 Rxc8 23. b4 Qe6 24. f4 Qd6 25. Qf2 Nd5 26. Nf3 f6 27. Bh4 Nxf4 28. Bg3 Bh6 29. h3 Qd7 30. Qa2+ Kg7 31. Kh2 Nh5 32. Bf2 Rc7 33. d5 Nf4 34. Nd4 Kh8 35. Bg3 Rc8 36. a4 Qxd5 37. Qxd5 Nxd5 38. b5 Rc4 39. Ne6 a6 40. bxa6 bxa6 41. Nd8 e5 42. Nf7+ Kg7 43. Nd6 Rc3 44. Rb1 g5 45. Rb7+ Kg6 46. Ne4 Rc4 47. Nd6 Rxa4 48. Ra7 Bf8 1/2-1/2

[Event "Perth Respini-D"]
[Site "Perth"]
[Date "2005.09.22"]
[Round "4"]
[White "Arnold, Matthew"]
[Black "Sainsbury, Gerard"]
[Result "0-1"]
[WhiteElo "1155"]
[BlackElo "1174"]
[PlyCount "106"]
[EventDate "2005.09.01"]
[EventType "tourn"]
[EventRounds "9"]
[EventCountry "AUS"]
[SourceTitle "EXT 2010"]
[Source "ChessBase"]
[SourceDate "2010.11.25"]
[SourceVersion "1"]
[SourceVersionDate "2010.11.25"]
[SourceQuality "1"]

1. e4 c5 2. Nf3 e6 3. c4 Nc6 4. d3 d6 5. Be3 Nf6 6. g3 Be7 7. Bg2 0-0 8. Nc3 Re8 9. 0-0 Bd7 10. a3 a6 11. Rb1 Rb8 12. b4 b5 13. bxc5 dxc5 14. cxb5 axb5 15. Nxb5 e5 16. Qc2 Qa5 17. Bd2 Qd8 18. Nc3 Be6 19. Bg5 Kh8 20. Bxf6 Bxf6 21. Rxb8 Qxb8 22. Nd5 Qa7 23. Nxf6 gxf6 24. Ra1 Rc8 25. a4 Nd4 26. Nxd4 cxd4 27. Qb2 Rb8 28. Qa3 h6 29. Bf1 f5 30. f3 f4 31. g4 Ra8 32. a5 Kg7 33. Qd6 Kf6 34. a6 Qb8 35. Qxb8 Rxb8 36. a7 Ra8 37. Ra6 Ke7 38. Be2 Kd7 39. Bd1 Kc7 40. Ba4 Kb7 41. Bc6+ Kxa6 42. Bxa8 Kxa7 43. Bc6 Kb6 44. Ba4 Kc5 45. Kf2 Kb4 46. Bd1 Kc3 47. Ke2 f6 48. h3 Bf7 49. Ke1 Kxd3 50. Kf2 Kd2 51. Ba4 d3 52. Bb5 Kc3 53. Ke1 d2+ 0-1